| 000 | 00515nam a2200181Ia 4500 | ||
|---|---|---|---|
| 999 |
_c34459 _d34459 |
||
| 003 | OSt | ||
| 005 | 20200909104911.0 | ||
| 008 | 190216s9999||||xx |||||||||||||| ||und|| | ||
| 020 | _a9788184870763 | ||
| 040 | _coclc | ||
| 082 |
_a539.6 _bCHA/P |
||
| 100 |
_aChandra, Suresh _94404 |
||
| 245 | 0 |
_aPhysics Of Atoms And Molecules / _cSuresh Chandra |
|
| 260 |
_bNarosa Pubs House, _c2010. _aNew Delhi: |
||
| 300 | _a300p | ||
| 650 | _aPhysics | ||
| 942 |
_cBK _2ddc _h539.6 _iCHA/P _k539.6 _mCHA/P |
||